Southern Alberta Cities on the Map - Statistics

General Stats
  • This quiz has been taken 128 times
  • The average score is 15 of 57
Answers on the Map
Answers color-coded by a green-red scale on the quiz's map according to % correct below.
 
Answer Stats
Status Pop Settlement % Correct
City 92.7 k Lethbridge
93%
City 63.2 k Medicine Hat
89%
City 14.4 k Brooks
49%
Town 7.9 k Drumheller
48%
Town 3.5 k Cardston
45%
Town 2.9 k Fort Macleod
45%
Town 3.6 k Pincher Creek
43%
Town 13.7 k Strathmore
40%
Village 245 Coutts
39%
Town 8.6 k Coaldale
38%
Town 8.4 k Taber
38%
Town 1.9 k Vulcan
38%
Town 3.7 k Claresholm
37%
Town 827 Milk River
37%
Town 2.1 k Nanton
36%
Town 2.5 k Hanna
34%
Town 4.0 k Raymond
33%
Town 2.6 k Coalhurst
32%
Town 2.4 k Magrath
32%
Town 5.6 k Redcliff
32%
Town 1.9 k Bow Island
30%
Town 1.2 k Bassano
28%
Village 1.2 k Stirling
28%
Town 1.8 k Picture Butte
26%
Town 3.2 k Three Hills
26%
Town 1.2 k Vauxhall
25%
Village 373 Warner
24%
Village 541 Foremost
23%
Town 541 Stavely
23%
Town 1.0 k Oyen
22%
Town 406 Granum
21%
Town 1.2 k Nobleford
21%
Village 947 Barnwell
20%
Village 111 Cereal
20%
Town 1.0 k Trochu
20%
Village 317 Champion
18%
Village 341 Barons
17%
Village 135 Empress
17%
Village 316 Glenwood
17%
Village 162 Hill Spring
17%
Village 653 Acme
16%
Village 500 Carbon
16%
Village 1.0 k Duchess
16%
Village 396 Rosemary
16%
Village 209 Cowley
15%
Village 242 Carmangay
14%
Village 91 Milo
14%
Village 216 Delia
13%
Village 166 Lomond
13%
Village 353 Standard
13%
Village 154 Youngstown
11%
Village 190 Hussar
10%
Village 240 Morrin
10%
Village 192 Munson
10%
Village 316 Rockyford
10%
Village 207 Arrowwood
9%
Village 828 Linden
9%
No matching quizzes found
Score Distribution
Percent of People with Each Score
Percentile by Number Answered
Your Score History
You have not taken this quiz